Loading...
| Literature - American | 0 | 8 | 0 | 0 | 80 | 32 | 115.00 | 0 | 2 | 0.00 | 0.00 |
| Literature - European | 0 | 8 | 0 | 0 | 80 | 123 | 138.75 | 0 | 0 | 0.00 | 0.00 |
| Literature - British | 0 | 5 | 0 | 1 | 50 | 70 | 124.40 | 0 | 2 | 0.00 | 0.00 |
| Fine Arts - Painting & Sculpture | 0 | 4 | 0 | 0 | 40 | 95 | 121.00 | 0 | 0 | 0.00 | 0.00 |
| Mythology | 0 | 3 | 0 | 1 | 30 | 114 | 129.00 | 0 | 0 | 0.00 | 0.00 |
| Fine Arts - Other | 0 | 2 | 0 | 0 | 20 | 132 | 144.00 | 0 | 0 | 0.00 | 0.00 |
| Literature - World | 0 | 2 | 0 | 1 | 20 | 151 | 154.00 | 0 | 0 | 0.00 | 0.00 |
| Science - Biology | 0 | 2 | 0 | 1 | 20 | 89 | 112.00 | 0 | 0 | 0.00 | 0.00 |
| Social Science | 0 | 1 | 0 | 0 | 10 | 121 | 121.00 | 0 | 0 | 0.00 | 0.00 |
| Other Academic | 0 | 1 | 0 | 0 | 10 | 87 | 87.00 | 0 | 0 | 0.00 | 0.00 |